<?xml version="1.0" encoding="UTF-8"?><?xml-stylesheet type="text/xsl" href="static/style.xsl"?><OAI-PMH xmlns="http://www.openarchives.org/OAI/2.0/" xmlns:xsi="http://www.w3.org/2001/XMLSchema-instance" xsi:schemaLocation="http://www.openarchives.org/OAI/2.0/ http://www.openarchives.org/OAI/2.0/OAI-PMH.xsd"><responseDate>2026-06-03T21:41:20Z</responseDate><request verb="GetRecord" identifier="oai:riuma.uma.es:10630/45417" metadataPrefix="marc">https://riuma.uma.es/rest/oai/request</request><GetRecord><record><header><identifier>oai:riuma.uma.es:10630/45417</identifier><datestamp>2026-04-10T09:19:47Z</datestamp><setSpec>com_10630_2254</setSpec><setSpec>col_10630_37953</setSpec></header><metadata><record xmlns="http://www.loc.gov/MARC21/slim" xmlns:dcterms="http://purl.org/dc/terms/" xmlns:doc="http://www.lyncode.com/xoai" xmlns:xsi="http://www.w3.org/2001/XMLSchema-instance" xsi:schemaLocation="http://www.loc.gov/MARC21/slim http://www.loc.gov/standards/marcxml/schema/MARC21slim.xsd">
   <leader>00925njm 22002777a 4500</leader>
   <datafield ind2=" " ind1=" " tag="042">
      <subfield code="a">dc</subfield>
   </datafield>
   <datafield ind2=" " ind1=" " tag="720">
      <subfield code="a">Tesfaye Ayane, Amene</subfield>
      <subfield code="e">author</subfield>
   </datafield>
   <datafield ind2=" " ind1=" " tag="720">
      <subfield code="a">Salas, María</subfield>
      <subfield code="e">author</subfield>
   </datafield>
   <datafield ind2=" " ind1=" " tag="720">
      <subfield code="a">Benede, Sara</subfield>
      <subfield code="e">author</subfield>
   </datafield>
   <datafield ind2=" " ind1=" " tag="720">
      <subfield code="a">Rodríguez-Sánchez, Maria J.</subfield>
      <subfield code="e">author</subfield>
   </datafield>
   <datafield ind2=" " ind1=" " tag="720">
      <subfield code="a">Rodríguez-Sojo, María J.</subfield>
      <subfield code="e">author</subfield>
   </datafield>
   <datafield ind2=" " ind1=" " tag="720">
      <subfield code="a">Jiménez-Sánchez, Isabel M.</subfield>
      <subfield code="e">author</subfield>
   </datafield>
   <datafield ind2=" " ind1=" " tag="720">
      <subfield code="a">Bogas, Gador</subfield>
      <subfield code="e">author</subfield>
   </datafield>
   <datafield ind2=" " ind1=" " tag="720">
      <subfield code="a">Pérez-de-Inestrosa-Villatoro, Ezequiel</subfield>
      <subfield code="e">author</subfield>
   </datafield>
   <datafield ind2=" " ind1=" " tag="720">
      <subfield code="a">Mayorga, Cristobalina</subfield>
      <subfield code="e">author</subfield>
   </datafield>
   <datafield ind2=" " ind1=" " tag="720">
      <subfield code="a">Paris, Juan L.</subfield>
      <subfield code="e">author</subfield>
   </datafield>
   <datafield ind2=" " ind1=" " tag="720">
      <subfield code="a">Rodríguez-Nogales, Alba</subfield>
      <subfield code="e">author</subfield>
   </datafield>
   <datafield ind2=" " ind1=" " tag="720">
      <subfield code="a">Torres-Jaén, María Josefa</subfield>
      <subfield code="e">author</subfield>
   </datafield>
   <datafield ind2=" " ind1=" " tag="720">
      <subfield code="a">Montañez-Vega, María Isabel</subfield>
      <subfield code="e">author</subfield>
   </datafield>
   <datafield ind2=" " ind1=" " tag="260">
      <subfield code="c">2026</subfield>
   </datafield>
   <datafield ind2=" " ind1=" " tag="520">
      <subfield code="a">Background: Amoxicillin (AX) is frequently implicated in immediate IgE-mediated allergic reactions. Diagnosis is challenging,highlighting the need for new approaches enhancing in vitro sensitivity and specificity. Engineered nanostructures can mimicimmunological recognition of hapten-carrier conjugates, offering a strategy to improve diagnostic accuracy.Methods: Dendrimeric Antigens (DeAns), with controlled size (1st–5th generation) and multivalent AX determinants (8–128 units, respectively), were synthesized for in vitro immunological evaluation. In vitro IgE recognition was studied by com-petitive radio-immunoassay. Allergenic activity was evaluated in mouse bone marrow-derived mast cells (MC) sensitized withmouse anti-AX IgE monoclonal antibody and humanized RBL-2H3 (huRBL-2H3) and LUVA cells sensitized with sera fromβ-lactam-allergic subjects and tolerant controls, measuring degranulation in response to DeAns stimulation.Results: Five different DeAns were obtained as pure compounds. All DeAns were recognized by AX-sIgE. A clear size-dependent activation pattern was observed in the three cell models: lower-generation (1st–2nd) DeAns failed to induce degranu-lation, whereas DeAns of bigger size (3rd–5th generation) triggered significant, dose-dependent activation. Notably, no activationwas observed in tolerants and unsensitized cells or with blank dendrimers. In patient-sera assays, the passive MC activation test(pMAT) with DeAns provided complete diagnostic discrimination, with activation restricted to AX-allergic patients.Conclusions: DeAns are effective platforms for investigating effector cell activation in AX allergy. By fine-tuning structuralattributes—size and multivalence—we reveal the promising utility of DeAns in pMAT that leverage commercial cell lines andpatient sera. This approach could address key limitations of β-lactam allergy diagnostics, enabling more reliable and standard-ized in vitro testing.</subfield>
   </datafield>
   <datafield ind1="8" ind2=" " tag="024">
      <subfield code="a">A. T. Ayane, M. Salas, S. Benede, et al., “ Dendrimeric Antigens for Passive Mast Cell Activation in the Evaluation of Amoxicillin Allergy,” Allergy (2026): 1–12, https://doi.org/10.1111/all.70250.</subfield>
   </datafield>
   <datafield ind1="8" ind2=" " tag="024">
      <subfield code="a">https://hdl.handle.net/10630/45417</subfield>
   </datafield>
   <datafield ind1="8" ind2=" " tag="024">
      <subfield code="a">https://doi.org/10.1111/all.70250</subfield>
   </datafield>
   <datafield tag="653" ind2=" " ind1=" ">
      <subfield code="a">Antibióticos</subfield>
   </datafield>
   <datafield tag="653" ind2=" " ind1=" ">
      <subfield code="a">Alergia a los medicamentos</subfield>
   </datafield>
   <datafield tag="653" ind2=" " ind1=" ">
      <subfield code="a">Antibióticos betalactámicos</subfield>
   </datafield>
   <datafield tag="653" ind2=" " ind1=" ">
      <subfield code="a">Amoxicilina</subfield>
   </datafield>
   <datafield ind2="0" ind1="0" tag="245">
      <subfield code="a">Dendrimeric antigens for passive mast cell activation in the evaluation of amoxicillin allergy</subfield>
   </datafield>
</record>
</metadata></record></GetRecord></OAI-PMH>